Countries flags of the world in WW1 (1914) - Statistics

General Stats
  • This quiz has been taken 420 times
    241 since last reset
  • The average score is 53 of 72
Answer Stats
Picture Hint Answer % Correct
North America United States of America
99%
North America Mexico
98%
North America Canada
97%
North America Cuba
96%
North America Haiti
92%
Europe Portugal
91%
Europe Switzerland
91%
South America Argentina
90%
South America Brazil
90%
South America Chile
90%
Europe Denmark
90%
North America Dominican Republic
90%
Europe Netherlands
90%
Europe Norway
90%
Europe Spain
90%
Europe Sweden
90%
Europe United Kingdom
90%
Europe Albania
89%
Europe Austria-Hungary
89%
Europe Belgium
89%
South America Colombia
89%
Europe France
89%
Europe German Empire
89%
Europe Italian Empire
89%
Europe Luxembourg
89%
North America Panama
89%
South America Uruguay
89%
Europe Andorra
88%
Europe Bulgaria
88%
Europe Romania
88%
Europe Serbia
88%
South America Peru
87%
South America Venezuela
87%
Europe Russian Empire
86%
South America Paraguay
85%
Europe San Marino
84%
South America Bolivia
83%
South America Ecuador
83%
North America Guatemala
83%
Asia Japan
83%
Europe Monaco
83%
North America Costa Rica
82%
North America Honduras
81%
North America Nicaragua
81%
Europe Greece
80%
North America El Salvador
79%
Oceania Australia
76%
Oceania New Zealand
76%
Asia Nejd
75%
Asia Ottoman Empire
74%
Africa Liberia
73%
Europe Montenegro
73%
Asia Persia
72%
Asia China
70%
Asia Kingdom of Nepal
70%
Asia Tibet
70%
Europe Liechtenstein
69%
Asia Afghanistan
68%
Asia Siam
67%
North America Newfoundland
60%
Africa Ethiopia
44%
Africa South Africa
44%
Asia Mongolia
40%
Asia Muscat and Oman
25%
Asia Jabal
19%
Europe Northern Epirus
17%
Africa Dervish
13%
Asia Asir
10%
Africa Aussa
7%
Asia Kathiri
7%
Africa Mbunda
6%
Asia Najran
6%
No matching quizzes found
Score Distribution
Percent of People with Each Score
Percentile by Number Answered
Your Score History
You have not taken this quiz since the last reset